LEADER 01096cam0-2200361---450- 001 990005770480403321 005 20101004144102.0 035 $a000577048 035 $aFED01000577048 035 $a(Aleph)000577048FED01 035 $a000577048 100 $a19990604d1971----km-y0itay50------ba 101 0 $afre 102 $aFR 105 $aaf------001yy 200 1 $a<>Bible de Saint-Savin$eTextes patristiques$ftraduits par É. de Solms$gintroduction et etude archèologique de R. Oursel 210 $a[s.l.]$cZodiaque$d1971 215 $a195 p. [3] c. di tav.$cill.$d27 cm 225 1 $a<>points cardinaux$v20 610 0 $aBibbia$aIllustrazioni 610 0 $aPittura murale$aFrancia$aSec. 11. 676 $a745.6 676 $a704.9484 676 $a751.730944509021 702 1$aSolms,$bÉlisabeth : de 702 1$aOursel,$bRaymond$f<1921-2008> 801 0$aIT$bUNINA$gRICA$2UNIMARC 901 $aBK 912 $a990005770480403321 952 $a751.73 SOL 1$bST. ARTE 9079$fFLFBC 959 $aFLFBC 996 $aBible de Saint-Savin$9569712 997 $aUNINA LEADER 01117nam a2200277 i 4500 001 991002213139707536 005 20020507161403.0 008 000522s1970 it ||| | ita 020 $a8813134576 035 $ab11624929-39ule_inst 035 $aLE02732365$9ExL 040 $aDip.to Studi Giuridici$bita 082 0 $a350 084 $aAM-IV/E 100 1 $aRoversi Monaco, Fabio A.$0110553 245 10$aProfili giuridici del decentramento nell'organizzazione amministrativa /$cFabio A. Roversi-Monaco 260 $aPadova :$bCEDAM,$c1970 300 $avii, 274 p. ;$c25 cm. 490 0 $aPubblicazioni dell'Istituto di diritto, Università di Bologna, Facoltà di economia e commercio ;$v41 650 4$aAmministrazione pubblica - Decentramento 907 $a.b11624929$b01-03-17$c02-07-02 912 $a991002213139707536 945 $aLE027 AM-IV/E 7$g1$i2027000159789$lle027$o-$pE0.00$q-$rl$s- $t0$u1$v0$w1$x0$y.i11842817$z02-07-02 996 $aProfili giuridici del decentramento nell'organizzazione amministrativa$9897626 997 $aUNISALENTO 998 $ale027$b01-01-00$cm$da $e-$fita$git $h0$i1